Geografia Azji Quiz #1 - Statystyki

Ogólne statystyki
  • Ten quiz został rozwiązany 11 razy
  • Średni wynik to 9 z 20
Statystyki odpowiedzi
Zagadnienie Odpowiedź % Poprawnych
Który azjatycki kraj ma kształt łzy? Sri Lanka
90%
Jak nazywa się gwiazda, która widnieje na fladze Izraela? Gwiazda {Dawida}
70%
Jakie są dwa najludniejsze miasta w Zjednoczonych Emiratach Arabskich? Dubaj
60%
Która stolica kraju kończy się na "bad"? Islamabad
60%
Jaka zatoka leży między Indiami a Mjanmą? Zatoka {Bengalska}
60%
Jakie są dwa najludniejsze miasta w Zjednoczonych Emiratach Arabskich? Abu Zabi
50%
W którym dorzeczu żyje około 600 milionów ludzi – więcej niż w jakimkolwiek innym dorzeczu na świecie? Ganges
50%
Który kraj był dawniej znany jako Holenderskie Indie Wschodnie? Indonezja
50%
Oprócz Turków, jaka jest najliczniejsza grupa etniczna w Turcji? Kurdowie
50%
Jaka cieśnina oddziela Rosję od Alaski? Cieśnina Beringa
40%
Jaki jest najczęściej używany język w Indiach? Hinduski
40%
Który półwysep w Egipcie jest uważany za część Azji? Półwysep Synaj
40%
Jak nazywało się dawniej miasto Ho Chi Minh? Sajgon
40%
Które miasto jest największe na wybrzeżu Pacyfiku w Rosji? Władywostok
40%
Które jezioro w Rosji gromadzi około 20% światowych zasobów słodkiej wody? Jezioro Bajkał
30%
Z jakim morzem graniczą Chiny, Wietnam, Filipiny i Indonezja? Morze Południowochińskie
30%
Jakie jest narodowe zwierzę Tajlandii? Słoń
30%
Do jakich regionów miejskich należą Kowloon i Nowe Terytoria? Hong Kong
20%
Co oznacza słowo „stan” w języku perskim? Państwo
20%
Jaki jest tytuł władcy Brunei? {Sułtan} Brunei
20%
Nie znaleziono quizów pasujących do podanych kryteriów
Rozkład punktacji
Procent ludzi z każdym wynikiem
Percentyl według liczby udzielonych odpowiedzi
Twoja historia wyników
Nie rozwiązałeś tego quizu